000
00204nam a2200097Ia 4500
008
240331s9999 xx 000 0 und d
082
_b
SEL
100
_a
Selvarasan, S
245
0
_a
Romeo Juliet
942
_c
L
999
_c
3727
_d
3727